000 00800cam a2200241 i 4500
999 _c1794
_d1794
003 OSt
005 20201001091726.0
008 800225s1980 nyu b 001 0 eng
020 _a0155758292
040 _aDLC
_cKABLIB
_dKABLIB
082 0 0 _a808.042
_223
_bMCC
100 1 _aMcCuen, Jo Ray,
_d1929-
_eAuthor.
_95080
245 1 0 _aReadings for Writers /
_cJo Ray McCuen, Anthony C. Winkler.
250 _a3d ed.
260 _aNew York :
_bHarcourt Brace Jovanovich,
_cc1980.
300 _axix, 586 p. ;
_c24 cm.
504 _aIncludes bibliographical references and index.
650 0 _aCollege readers.
_91513
650 0 _aReport writing
_xProblems, exercises, etc.
_95081
650 0 _aEnglish language
_xRhetoric.
_95082
700 1 _aWinkler, Anthony C.,
_eJoint author.
_92868
942 _2ddc
_cBOOK